Le naufrage du spectateur (notice n° 1627862)

détails MARC
000 -LEADER
fixed length control field 00989cam a2200169 4500500
005 - DATE AND TIME OF LATEST TRANSACTION
control field 20260111094043.0
041 ## - LANGUAGE CODE
Language code of text/sound track or separate title fre
042 ## - AUTHENTICATION CODE
Authentication code dc
100 10 - MAIN ENTRY--PERSONAL NAME
Personal name Léger, Nicolas
Relator term author
245 00 - TITLE STATEMENT
Title Le naufrage du spectateur
260 ## - PUBLICATION, DISTRIBUTION, ETC.
Date of publication, distribution, etc. 2021.<br/>
500 ## - GENERAL NOTE
General note 59
520 ## - SUMMARY, ETC.
Summary, etc. L’assignation contemporaine à la place du spectateur, notamment par l’industrie culturelle et les technologies numériques, conforte l’impuissance et nous rapproche du naufrage. Mais l’œuvre de fiction se présente comme une planche de salut et nous apprend à vivre le sursis.
520 ## - SUMMARY, ETC.
Summary, etc. The contemporary assignment to the place of the spectator, especially through cultural industries and digital technologies, reinforces helplessness and brings us closer to shipwreck. But the work of fiction can teach us to live borrowed lives.
786 0# - DATA SOURCE ENTRY
Note Esprit | 480 | 12 | 2021-11-24 | p. 41-47 | 0014-0759
856 41 - ELECTRONIC LOCATION AND ACCESS
Uniform Resource Identifier <a href="https://shs.cairn.info/revue-esprit-2021-12-page-41?lang=fr&redirect-ssocas=7080">https://shs.cairn.info/revue-esprit-2021-12-page-41?lang=fr&redirect-ssocas=7080</a>

Pas d'exemplaire disponible.

PLUDOC

PLUDOC est la plateforme unique et centralisée de gestion des bibliothèques physiques et numériques de Guinée administré par le CEDUST. Elle est la plus grande base de données de ressources documentaires pour les Étudiants, Enseignants chercheurs et Chercheurs de Guinée.

Adresse

627 919 101/664 919 101

25 boulevard du commerce
Kaloum, Conakry, Guinée

Réseaux sociaux

Powered by Netsen Group @ 2025